000 00666 a2200241 4500
005 20260213162421.0
008 260212b |||||||| |||| 00| 0 eng d
020 _a9789367134863
_cRs. 995.00
040 _aMAIN
082 _a616.8914
_bK884T(5)
100 _aSeligman, Linda
245 _aTheories of counseling and psychotherapy: Systems strategies and skills
250 _a5th
260 _bPearson
_c2026
_aNodia
300 _axxix, 594
650 _aMedical Sciences
650 _aDiseases - Treatment
650 _aMental Disorders
650 _aPsychotherapy
700 _aKress, Victoria E
700 _aReichenberg, Lourie W
942 _cBK
999 _c394795
_d394795